WYMIEŃ RYM DO SŁOWA „ŻYCIE”: - Statystyki

Ogólne statystyki
  • Ten quiz został rozwiązany 351 razy
  • Średni wynik to 4 z 6
Statystyki odpowiedzi
Odpowiedź % Poprawnych
MYCIE
81%
BYCIE
72%
TYCIE
65%
WYCIE
64%
KRYCIE
49%
PICIE
48%
Nie znaleziono quizów pasujących do podanych kryteriów
Rozkład punktacji
Procent ludzi z każdym wynikiem
Percentyl według liczby udzielonych odpowiedzi
Twoja historia wyników
Nie rozwiązałeś tego quizu